[Event "Budapest Karacsonyi op 8th"]
[Site "Budapest"]
[Date "2016.12.30"]
[Round "6"]
[White "Bilku, Andras"]
[Black "Bozay, Gergely"]
[Result "1-0"]
[WhiteElo "1592"]
[BlackElo "1702"]
[PlyCount "97"]
[EventDate "2016.12.27"]
[EventType "swiss"]
[EventRounds "7"]
[EventCountry "HUN"]
[SourceTitle "CBM 176 Extra"]
[Source "ChessBase"]
[SourceDate "2017.03.02"]
[SourceVersion "1"]
[SourceVersionDate "2017.03.02"]
[SourceQuality "1"]

1. d4 Nf6 2. c4 e6 3. Nc3 b6 4. e4 Bb7 5. Qc2 Bb4 6. f3 h6 7. a3 Bxc3+ 8. Qxc3 d5 9. cxd5 exd5 10. e5 Qe7 11. Be3 Nfd7 12. Qxc7 Bc6 13. Qc8+ Qd8 14. Qxd8+ Kxd8 15. Rc1 Ke7 16. b4 a6 17. Ne2 f6 18. Nf4 Re8 19. exf6+ Nxf6 20. Ng6+ Kd6 21. Kd2 Rxe3 22. Kxe3 Nbd7 23. Ne5 Ba4 24. Nxd7 Bxd7 25. g4 Re8+ 26. Kf2 Rf8 27. Kg2 b5 28. h3 Re8 29. Kf2 Nh7 30. Bg2 Ng5 31. Rhe1 Ne6 32. Red1 Nf4 33. Bf1 g5 34. Re1 Ne6 35. Rc5 Nxc5 36. dxc5+ Kc6 37. Rxe8 Bxe8 38. Ke3 Kd7 39. Kd4 Ke6 40. Bd3 Bc6 41. Bh7 Kf6 42. Bg8 h5 43. Bxd5 Bd7 44. c6 Bc8 45. c7 hxg4 46. fxg4 Ke7 47. Kc5 Kd7 48. Kb6 Kd6 49. Bb7 1-0

[Event "Budapest Karacsonyi op 8th"]
[Site "Budapest"]
[Date "2016.12.28"]
[Round "3"]
[White "Bozay, Gergely"]
[Black "Eperjesi, Laszlo"]
[Result "0-1"]
[WhiteElo "1702"]
[BlackElo "2065"]
[PlyCount "114"]
[EventDate "2016.12.27"]
[EventType "swiss"]
[EventRounds "7"]
[EventCountry "HUN"]
[SourceTitle "CBM 176 Extra"]
[Source "ChessBase"]
[SourceDate "2017.03.02"]
[SourceVersion "1"]
[SourceVersionDate "2017.03.02"]
[SourceQuality "1"]

1. d4 Nf6 2. c4 e6 3. Nf3 Bb4+ 4. Bd2 c5 5. a3 Bxd2+ 6. Qxd2 cxd4 7. Nxd4 a6 8. Nc3 0-0 9. e3 Qc7 10. Be2 d6 11. Rc1 Nbd7 12. 0-0 b6 13. Rfd1 Bb7 14. Bf3 Ne5 15. Bxb7 Qxb7 16. Qe2 Rfc8 17. b3 Ne4 18. f4 Nxc3 19. Rxc3 Ng6 20. f5 Ne5 21. fxe6 fxe6 22. Nxe6 b5 23. c5 b4 24. axb4 Qxb4 25. Qc2 dxc5 26. Rxc5 Rxc5 27. Qxc5 Qxb3 28. Qd6 Qxe3+ 29. Kh1 Ng4 30. h3 Re8 31. hxg4 Qxe6 32. Qxe6+ Rxe6 33. Rd7 h6 34. Kh2 Kh7 35. Ra7 Kg6 36. Kg3 Kf6 37. g5+ hxg5 38. Kg4 g6 39. Ra8 Re4+ 40. Kf3 Ra4 41. Ra7 g4+ 42. Kg3 Kg5 43. Rf7 Ra3+ 44. Kh2 Ra5 45. g3 Ra2+ 46. Kg1 a5 47. Kf1 a4 48. Kg1 Ra3 49. Kg2 Rb3 50. Ra7 a3 51. Ra5+ Kf6 52. Kf2 Rf3+ 53. Kg2 Rb3 54. Kf2 Ke6 55. Kg2 Rb2+ 56. Kg1 a2 57. Ra6+ Kd5 0-1